00362pab a2200145 454500008004000000100001800040245003800058260000900096300001200105362000800117650001500125650002900140650002900169773001800198180718b1995 xxu||||| |||| 00| 0 eng d aShukla, Vijay aDemographic trends in South Asia. c1995 ap.35-37 aJun aPopulation aDemography - Asia, South aAsia, South - Population aThird Concept